000 01111nam a2200217Ia 4500
999 _c46185
_d46185
001 13018
003 GE_BSU
005 20240717152320.0
008 181216s2011||||ge |||||||||||||| ||geo||
020 _a9789941132018
040 _cGE_BSU
041 _ageo
080 _a821.353.1.09 კ-49
100 _aკიკაჩეიშვილი, თენგიზ
_915689
245 _aთეორიულ-ლიტერატურული ნარკვევები /
_cთენგიზ კიკაჩეიშვილი ; რედაქტორი ირმა რატიანი ; ივანე ჯავახიშვილის თბილისის სახელმწიფო უნივერსიტეტი.
264 _aთბილისი :
_bთბილისის უნ-ტის გამ-ბა,
_c2011.
300 _a317 გვ. ;
_c20 სმ.
653 _aთეორიულ-ლიტერატურული ნარკვევები
700 _aრატიანი, ირმა
_eრედაქტორი
_95778
942 _cBK
_2udc